[Event "BRA-ch (Women) 57th"]
[Site "Rio de Janeiro"]
[Date "2018.02.21"]
[Round "6"]
[White "Feliciano Ebert, Vanessa"]
[Black "Medeiros, Thauane Ferreira"]
[Result "1-0"]
[WhiteElo "2197"]
[BlackElo "1983"]
[PlyCount "95"]
[EventDate "2018.02.17"]
[EventType "tourn"]
[EventRounds "9"]
[EventCountry "BRA"]
[SourceTitle "CBM 183 Extra"]
[Source "ChessBase"]
[SourceDate "2018.04.19"]
[SourceVersion "1"]
[SourceVersionDate "2018.04.19"]
[SourceQuality "1"]

1. d4 Nf6 2. c4 e6 3. Nc3 Bb4 4. e3 d5 5. Bd3 0-0 6. Nge2 Re8 7. 0-0 c6 8. f3 Bd6 9. Qc2 Nbd7 10. c5 Bc7 11. f4 Nf8 12. b4 N6d7 13. e4 dxe4 14. Nxe4 Nf6 15. Nxf6+ Qxf6 16. Be3 a5 17. Ng3 Ng6 18. Ne4 Qd8 19. Rab1 axb4 20. Rxb4 Qd5 21. Nc3 Qd8 22. Qb1 Nf8 23. Rb3 Qe7 24. Ne4 Rd8 25. a3 Ra4 26. Qc2 Ra8 27. Qe2 f6 28. Bc4 Rd5 29. Bxd5 exd5 30. Ng3 Bb8 31. Re1 Qc7 32. Bc1 Ra4 33. Rb4 Ra8 34. Qe7 Bd7 35. f5 Bc8 36. Qxc7 Bxc7 37. Re7 Bxg3 38. hxg3 Bxf5 39. Rbxb7 Ne6 40. Bb2 h5 41. Ra7 Rb8 42. Reb7 Re8 43. a4 Kh7 44. a5 Kg6 45. a6 Kg5 46. Bc1+ Kg6 47. Re7 Rb8 48. Rab7 1-0

[Event "BRA-ch (Women) 57th"]
[Site "Rio de Janeiro"]
[Date "2018.02.19"]
[Round "3"]
[White "Melo, Gabrieli De"]
[Black "Feliciano Ebert, Vanessa"]
[Result "0-1"]
[WhiteElo "1633"]
[BlackElo "2197"]
[PlyCount "62"]
[EventDate "2018.02.17"]
[EventType "tourn"]
[EventRounds "9"]
[EventCountry "BRA"]
[SourceTitle "CBM 183 Extra"]
[Source "ChessBase"]
[SourceDate "2018.04.19"]
[SourceVersion "1"]
[SourceVersionDate "2018.04.19"]
[SourceQuality "1"]

1. c4 e5 2. Nc3 Nc6 3. g3 f5 4. Bg2 Nf6 5. d3 g6 6. Nf3 Bg7 7. 0-0 0-0 8. b4 e4 9. Ne1 exd3 10. Nxd3 Ne4 11. Nxe4 fxe4 12. Nb2 Nxb4 13. Bxe4 Qe7 14. Bg2 d6 15. a3 Nc6 16. Rb1 Bg4 17. Be3 Be6 18. Bd5 Kh8 19. Qd2 Bh3 20. Bg2 Bxg2 21. Kxg2 Rae8 22. Rbc1 b6 23. Rfe1 Qe4+ 24. Kg1 Qf5 25. Nd1 Ne5 26. Qd5 c6 27. Qg2 Qe6 28. Bd4 Nf3+ 29. Kf1 Nxe1 30. Bxg7+ Kxg7 31. Qxc6 Qxe2+ 0-1

[Event "BRA-ch (Women) 57th"]
[Site "Rio de Janeiro"]
[Date "2018.02.18"]
[Round "2"]
[White "Feliciano Ebert, Vanessa"]
[Black "Bonfim, Regina Rodrigues"]
[Result "1-0"]
[WhiteElo "2197"]
[BlackElo "1763"]
[PlyCount "79"]
[EventDate "2018.02.17"]
[EventType "tourn"]
[EventRounds "9"]
[EventCountry "BRA"]
[SourceTitle "CBM 183 Extra"]
[Source "ChessBase"]
[SourceDate "2018.04.19"]
[SourceVersion "1"]
[SourceVersionDate "2018.04.19"]
[SourceQuality "1"]

1. e4 c5 2. Nf3 e6 3. d3 Qc7 4. g3 d6 5. Bg2 Nc6 6. 0-0 Nf6 7. c3 Be7 8. Re1 e5 9. h3 0-0 10. d4 cxd4 11. cxd4 Bd7 12. Nc3 a6 13. Be3 b5 14. Rc1 Qb8 15. Nd5 Bd8 16. dxe5 Nxe4 17. Nd4 Nxd4 18. Qxd4 Nc5 19. exd6 Ne6 20. Qd2 a5 21. Nc7 Ra7 22. Bxa7 Qxa7 23. Qe3 Qb8 24. Red1 Bf6 25. b3 a4 26. Nd5 Bg5 27. f4 Bd8 28. bxa4 Kh8 29. Kh1 bxa4 30. Rb1 Qc8 31. Qa7 Bc6 32. Rb8 Qd7 33. Qxd7 Bxd7 34. Rc1 Kg8 35. Rb7 Nd4 36. Rxd7 Ba5 37. Ra7 Ne2 38. Ne7+ Kh8 39. Rc8 Rxc8 40. Nxc8 1-0

[Event "BRA-ch (Women) 56th"]
[Site "Rio de Janeiro"]
[Date "2017.02.21"]
[Round "9"]
[White "Feliciano Ebert, Vanessa"]
[Black "Alboredo, Julia"]
[Result "1/2-1/2"]
[WhiteElo "2200"]
[BlackElo "2080"]
[PlyCount "25"]
[EventDate "2017.02.16"]
[EventType "tourn"]
[EventRounds "9"]
[EventCountry "BRA"]
[EventCategory "9"]
[SourceTitle "CBM 177 Extra"]
[Source "ChessBase"]
[SourceDate "2017.04.27"]
[SourceVersion "1"]
[SourceVersionDate "2017.04.27"]
[SourceQuality "1"]

1. e4 c5 2. Nf3 d6 3. d4 cxd4 4. Nxd4 Nf6 5. f3 e5 6. Nb3 a5 7. Bb5+ Bd7 8. Bxd7+ Nbxd7 9. a4 Qb6 10. Nc3 Be7 11. Qe2 0-0 12. Be3 Qc6 13. Qb5 1/2-1/2

[Event "BRA-ch (Women) 56th"]
[Site "Rio de Janeiro"]
[Date "2017.02.17"]
[Round "3"]
[White "Feliciano Ebert, Vanessa"]
[Black "Heinrichs, Vivian"]
[Result "1/2-1/2"]
[WhiteElo "2200"]
[BlackElo "1985"]
[PlyCount "29"]
[EventDate "2017.02.16"]
[EventType "tourn"]
[EventRounds "9"]
[EventCountry "BRA"]
[EventCategory "9"]
[SourceTitle "CBM 177 Extra"]
[Source "ChessBase"]
[SourceDate "2017.04.27"]
[SourceVersion "1"]
[SourceVersionDate "2017.04.27"]
[SourceQuality "1"]

1. e4 c6 2. Nf3 d5 3. Nc3 g6 4. d4 Bg7 5. e5 Bg4 6. Be2 Bxf3 7. Bxf3 e6 8. 0-0 Ne7 9. Ne2 c5 10. c3 0-0 11. Bf4 Nbc6 12. Qd2 Nf5 13. Bg5 f6 14. exf6 Bxf6 15. Be3 1/2-1/2

[Event "BRA-ch (Women) 56th"]
[Site "Rio de Janeiro"]
[Date "2017.02.16"]
[Round "1"]
[White "Coelho, Tatiane Cristina"]
[Black "Feliciano Ebert, Vanessa"]
[Result "0-1"]
[WhiteElo "1776"]
[BlackElo "2200"]
[PlyCount "72"]
[EventDate "2017.02.16"]
[EventType "tourn"]
[EventRounds "9"]
[EventCountry "BRA"]
[EventCategory "9"]
[SourceTitle "CBM 177 Extra"]
[Source "ChessBase"]
[SourceDate "2017.04.27"]
[SourceVersion "1"]
[SourceVersionDate "2017.04.27"]
[SourceQuality "1"]

1. e4 c5 2. Nc3 Nc6 3. g3 g6 4. Bg2 Bg7 5. d3 d6 6. Be3 Rb8 7. Qd2 b5 8. Rb1 e6 9. f4 Nge7 10. Nf3 0-0 11. 0-0 Nd4 12. Nh4 f5 13. Ne2 Bd7 14. Bxd4 cxd4 15. Qb4 a5 16. Qd2 Bc6 17. Rbe1 Rc8 18. Kh1 Qc7 19. Nf3 e5 20. Ng5 Bd7 21. Rc1 h6 22. Nf3 Bc6 23. c3 dxc3 24. Nxc3 Qb7 25. fxe5 dxe5 26. exf5 gxf5 27. Qe2 b4 28. Nb1 e4 29. Nh4 Qd7 30. dxe4 Bb5 31. Qe3 Bxf1 32. Rxf1 fxe4 33. Re1 Qd4 34. Qb3+ Qc4 35. Qa4 Nc6 36. Bxe4 Rf1+ 0-1

[Event "BRA-ch (Women)"]
[Site "Sao Paulo"]
[Date "2016.02.09"]
[Round "8"]
[White "Alboredo, Julia"]
[Black "Feliciano Ebert, Vanessa"]
[Result "1/2-1/2"]
[WhiteElo "2058"]
[BlackElo "2216"]
[PlyCount "44"]
[EventDate "2016.02.05"]
[EventType "tourn"]
[EventRounds "9"]
[EventCountry "BRA"]
[SourceTitle "CBM 171 Extra"]
[Source "ChessBase"]
[SourceDate "2016.04.26"]
[SourceVersion "1"]
[SourceVersionDate "2016.04.26"]
[SourceQuality "1"]

1. e4 c5 2. Nf3 e6 3. d4 cxd4 4. Nxd4 Nc6 5. Nc3 Qc7 6. f4 a6 7. Nxc6 Qxc6 8. Bd3 Bc5 9. Qg4 g6 10. Qe2 b5 11. Be3 Bb7 12. 0-0-0 Ne7 13. Bxc5 Qxc5 14. e5 b4 15. Ne4 Bxe4 16. Bxe4 Ra7 17. Rd6 a5 18. Qd3 Nc8 19. Qd4 Qxd4 20. Rxd4 Ke7 21. Rhd1 Rd8 22. g4 d5 1/2-1/2

[Event "BRA-ch (Women)"]
[Site "Sao Paulo"]
[Date "2016.02.09"]
[Round "7"]
[White "Feliciano Ebert, Vanessa"]
[Black "Chang, Suzana"]
[Result "1-0"]
[WhiteElo "2216"]
[BlackElo "2093"]
[PlyCount "99"]
[EventDate "2016.02.05"]
[EventType "tourn"]
[EventRounds "9"]
[EventCountry "BRA"]
[SourceTitle "CBM 171 Extra"]
[Source "ChessBase"]
[SourceDate "2016.04.26"]
[SourceVersion "1"]
[SourceVersionDate "2016.04.26"]
[SourceQuality "1"]

1. d4 Nf6 2. c4 e6 3. Nc3 Bb4 4. e3 d5 5. cxd5 exd5 6. Bd3 0-0 7. Nge2 Re8 8. 0-0 Nc6 9. f3 Bf8 10. a3 g6 11. b4 a6 12. Bc2 Bg7 13. Bb3 Ne7 14. e4 c6 15. Bg5 Be6 16. e5 Nd7 17. Qd2 f5 18. Nf4 Nf8 19. Nd3 Bc8 20. Ne2 Ne6 21. Bh4 h6 22. f4 Kh7 23. a4 Rg8 24. b5 axb5 25. axb5 Rxa1 26. Rxa1 g5 27. fxg5 Ng6 28. Bf2 Nxg5 29. bxc6 bxc6 30. Qe3 Ne4 31. Ndf4 c5 32. Bxd5 Rf8 33. Nxg6 Kxg6 34. Bxe4 fxe4 35. Qxe4+ Bf5 36. Qc6+ Kh7 37. Qxc5 Be4 38. Ng3 Bg6 39. Be3 h5 40. Qc6 Qh4 41. Ra7 Qg4 42. Qc1 Rc8 43. Qf1 h4 44. Ne2 Bd3 45. Ra2 Rb8 46. Qf3 Qe6 47. Ra1 Qb3 48. Nf4 Bc2 49. h3 Rf8 50. Rf1 1-0

[Event "BRA-ch (Women)"]
[Site "Sao Paulo"]
[Date "2016.02.07"]
[Round "5"]
[White "Terao, Juliana Sayumi"]
[Black "Feliciano Ebert, Vanessa"]
[Result "1/2-1/2"]
[WhiteElo "2234"]
[BlackElo "2216"]
[PlyCount "114"]
[EventDate "2016.02.05"]
[EventType "tourn"]
[EventRounds "9"]
[EventCountry "BRA"]
[SourceTitle "CBM 171 Extra"]
[Source "ChessBase"]
[SourceDate "2016.04.26"]
[SourceVersion "1"]
[SourceVersionDate "2016.04.26"]
[SourceQuality "1"]

1. e4 c5 2. Nf3 d6 3. d4 cxd4 4. Nxd4 Nf6 5. Nc3 Nc6 6. Be2 e5 7. Nb3 Be7 8. 0-0 0-0 9. Kh1 a5 10. a4 Nb4 11. f4 b6 12. Be3 Bb7 13. Bf3 Rc8 14. Rf2 Bc6 15. Nc1 Qc7 16. Nd3 Nxd3 17. Qxd3 Rfe8 18. Nb5 Qb7 19. Nxd6 Bxd6 20. Qxd6 Rcd8 21. Qa3 Nxe4 22. Bxe4 Bxe4 23. h3 exf4 24. Bxf4 Re6 25. Kh2 Rg6 26. Bg3 h5 27. h4 Bc6 28. Re1 Be4 29. Qb3 Re6 30. Ref1 Bg6 31. Bf4 Rd4 32. c3 Rde4 33. Qd1 Qc6 34. Qd8+ Re8 35. Qg5 Rxa4 36. g4 Qc5 37. Qxc5 bxc5 38. g5 Rae4 39. Rd1 Re2 40. Kg3 c4 41. Ra1 Bd3 42. Rxa5 Rxf2 43. Kxf2 Re2+ 44. Kf3 Rxb2 45. Ra8+ Kh7 46. Ra7 Kg6 47. Ra6+ Kf5 48. Ra5+ Ke6 49. Re5+ Kd7 50. Rd5+ Ke7 51. Re5+ Kf8 52. Ra5 Rb7 53. Be5 Kg8 54. Bd4 Re7 55. Re5 Rd7 56. Ra5 Kh7 57. Ra7 Rxa7 1/2-1/2

[Event "BRA-ch (Women)"]
[Site "Sao Paulo"]
[Date "2016.02.05"]
[Round "1"]
[White "Bonfim, Regina Rodrigues"]
[Black "Feliciano Ebert, Vanessa"]
[Result "1/2-1/2"]
[WhiteElo "1907"]
[BlackElo "2216"]
[PlyCount "174"]
[EventDate "2016.02.05"]
[EventType "tourn"]
[EventRounds "9"]
[EventCountry "BRA"]
[SourceTitle "CBM 171 Extra"]
[Source "ChessBase"]
[SourceDate "2016.04.26"]
[SourceVersion "1"]
[SourceVersionDate "2016.04.26"]
[SourceQuality "1"]

1. d4 Nf6 2. c4 e6 3. Nc3 Bb4 4. Qc2 0-0 5. Nf3 b6 6. e4 Bb7 7. Bd3 Bxc3+ 8. bxc3 h6 9. 0-0 d6 10. Qe2 Nbd7 11. Re1 e5 12. Ba3 Re8 13. Qc2 Nh5 14. Rad1 Qf6 15. Bc1 Nf8 16. Qe2 Ne6 17. dxe5 dxe5 18. g3 Rad8 19. Bc2 Bc6 20. Be3 Nc5 21. Bxc5 bxc5 22. Qe3 Qe7 23. Nh4 Nf6 24. Nf5 Qe6 25. Qe2 g6 26. Nh4 Kg7 27. f3 Rb8 28. Rb1 Red8 29. Rxb8 Rxb8 30. Rb1 Rxb1+ 31. Bxb1 Nd7 32. Ng2 h5 33. Ne3 Bb7 34. Nd5 Qd6 35. Bd3 c6 36. Ne3 Ba6 37. Bc2 Nb6 38. Kf2 Qe6 39. Bb3 Qh3 40. Kg1 Qd7 41. Kg2 Qd6 42. h4 Bc8 43. g4 Qf6 44. Qf2 Be6 45. gxh5 gxh5 46. Nf5+ Bxf5 47. exf5 Qxf5 48. Qxc5 Qg6+ 49. Kf2 Qf6 50. Ke2 Nd7 51. Qxa7 e4 52. fxe4 Ne5 53. Qf2 Qg6 54. Kf1 Ng4 55. Qd4+ Kh7 56. Ke1 c5 57. Qd5 Ne3 58. Qg5 Qxe4 59. Qxh5+ Kg7 60. Qe2 Qxh4+ 61. Kd2 Ng4 62. Kc2 f5 63. Kb2 f4 64. Bc2 Ne3 65. Be4 Qe7 66. Bf3 Qe6 67. Bd5 Qb6+ 68. Kc1 Qg6 69. Kb2 Kf6 70. Qh2 Nxd5 71. cxd5 Ke5 72. Qd2 Qb6+ 73. Kc1 c4 74. d6 f3 75. Qg5+ Ke4 76. Qg6+ Ke3 77. Qe6+ Kd3 78. Qd5+ Ke3 79. Qd2+ Ke4 80. d7 f2 81. d8Q f1Q+ 82. Qd1 Qe3+ 83. Q8d2 Qxd2+ 84. Kxd2 Qd3+ 85. Kc1 Qxc3+ 86. Qc2+ Qxc2+ 87. Kxc2 Kd5 1/2-1/2

[Event "Rio de Janeiro Duchamp Memorial"]
[Site "Rio de Janeiro"]
[Date "2016.01.13"]
[Round "5"]
[White "Hungaski, Robert Andrew"]
[Black "Feliciano Ebert, Vanessa"]
[Result "1-0"]
[WhiteElo "2478"]
[BlackElo "2232"]
[PlyCount "163"]
[EventDate "2016.01.10"]
[EventType "tourn"]
[EventRounds "9"]
[EventCountry "BRA"]
[EventCategory "4"]
[SourceTitle "CBM 170 Extra"]
[Source "ChessBase"]
[SourceDate "2016.02.25"]
[SourceVersion "1"]
[SourceVersionDate "2016.02.25"]
[SourceQuality "1"]

1. Nf3 Nf6 2. c4 e6 3. g3 d5 4. b3 d4 5. Bg2 c5 6. e3 Nc6 7. exd4 cxd4 8. 0-0 Bd6 9. d3 0-0 10. Na3 e5 11. Nc2 Bf5 12. Nh4 Bg4 13. Qd2 a5 14. Ba3 Re8 15. Bxd6 Qxd6 16. a3 h6 17. b4 g5 18. b5 Nd8 19. Nf3 Ne6 20. Rae1 Nd7 21. h4 Nec5 22. hxg5 Nb3 23. Qd1 hxg5 24. Re4 Bh5 25. g4 Bg6 26. Nxg5 Qf6 27. Nh3 Ndc5 28. f3 Nxe4 29. fxe4 Qh4 30. Ne1 Nc5 31. Kh2 Kg7 32. Qf3 Rh8 33. Qg3 Qxg3+ 34. Kxg3 f6 35. Bf3 Ne6 36. Ng2 Rh7 37. Ne1 Rah8 38. Bg2 b6 39. Rf2 Be8 40. Rd2 Bd7 41. Nf3 Nc5 42. Nf2 Kf7 43. Rd1 Ke7 44. Rd2 Kd6 45. Rd1 Bc8 46. Rd2 Rg8 47. Nh4 Rh5 48. Rd1 Kc7 49. Bf3 Rhg5 50. Rd2 R5g7 51. Rd1 Rh7 52. Nf5 Ne6 53. Nh3 Ng5 54. Nxg5 Rxg5 55. Rc1 Bxf5 56. exf5 Kd6 57. c5+ bxc5 58. b6 Rg8 59. Rb1 Rb8 60. a4 c4 61. dxc4 Kc5 62. b7 d3 63. Kf2 Kd4 64. Rb6 Rh2+ 65. Kg3 Rc2 66. Rxf6 e4 67. Rd6+ Ke3 68. Re6 Rxc4 69. f6 Rxb7 70. g5 Rf7 71. g6 Rxf6 72. Rxf6 Rc1 73. Bg4 d2 74. Rd6 Rc7 75. Bd7 Rc5 76. Kg4 Ke2 77. g7 Rc1 78. Kg5 Rg1+ 79. Bg4+ Rxg4+ 80. Kxg4 d1Q 81. Rxd1 Kxd1 82. Kf4 1-0

[Event "Rio de Janeiro Duchamp Memorial"]
[Site "Rio de Janeiro"]
[Date "2016.01.12"]
[Round "3"]
[White "Terao, Juliana Sayumi"]
[Black "Feliciano Ebert, Vanessa"]
[Result "1/2-1/2"]
[WhiteElo "2243"]
[BlackElo "2232"]
[PlyCount "176"]
[EventDate "2016.01.10"]
[EventType "tourn"]
[EventRounds "9"]
[EventCountry "BRA"]
[EventCategory "4"]
[SourceTitle "CBM 170 Extra"]
[Source "ChessBase"]
[SourceDate "2016.02.25"]
[SourceVersion "1"]
[SourceVersionDate "2016.02.25"]
[SourceQuality "1"]

1. e4 c5 2. Nf3 Nc6 3. d4 cxd4 4. Nxd4 e6 5. Nc3 Qc7 6. g3 a6 7. Bg2 Nf6 8. 0-0 h5 9. Nf3 Bc5 10. Bf4 d6 11. Na4 e5 12. Nxc5 exf4 13. Nd3 fxg3 14. hxg3 Bg4 15. Qd2 0-0-0 16. Qf4 Bxf3 17. Bxf3 Ne5 18. Rad1 Kb8 19. Nxe5 dxe5 20. Qg5 Rdf8 21. Rd3 Qe7 22. c3 Rh6 23. Rfd1 h4 24. Rd7 Qe8 25. R7d3 hxg3 26. fxg3 Rg6 27. Qh4 Qb5 28. R1d2 Qc5+ 29. Kg2 Qa5 30. a3 Ka7 31. Qh3 Re8 32. Qh1 Qc5 33. b4 Qb6 34. a4 a5 35. bxa5 Qc5 36. Qb1 Rh6 37. Qb4 Rc8 38. Rb2 Qxb4 39. cxb4 b6 40. axb6+ Kxb6 41. Rd6+ Kb7 42. b5 Ne8 43. b6 Kb8 44. Rxh6 gxh6 45. a5 Nd6 46. a6 Nc4 47. Rb5 Rc6 48. Rb4 Nxb6 49. Bh5 f6 50. Be2 Ka7 51. Kh3 Rc2 52. Bb5 h5 53. Be8 Kxa6 54. Bxh5 Kb7 55. Rb3 Kc7 56. Rf3 Rc6 57. Kg4 Nc4 58. Bf7 Nd2 59. Re3 Nf1 60. Rd3 Rc2 61. Kf5 Rf2+ 62. Ke6 Nd2 63. Bg6 Kc6 64. Bf5 Kc5 65. Kxf6 Kc4 66. Ra3 Nxe4+ 67. Kxe5 Nxg3 68. Rxg3 Rh2 69. Be6+ Kc5 70. Rc3+ Kb4 71. Rc4+ Kb5 72. Kd6 Rh6 73. Rc3 Ka4 74. Kd5 Kb4 75. Rc4+ Kb3 76. Rc6 Rh5+ 77. Kd4+ Kb2 78. Rb6+ Kc2 79. Bd5 Kc1 80. Be4 Rh8 81. Rb1+ Kd2 82. Rb2+ Kc1 83. Rc2+ Kd1 84. Rg2 Rd8+ 85. Ke3 Kc1 86. Rc2+ Kd1 87. Ra2 Kc1 88. Ke2 Rd2+ 1/2-1/2

[Event "Matinhos Caioba-ch"]
[Site "Matinhos"]
[Date "2015.08.29"]
[Round "4"]
[White "Quintiliano Pinto, Renato Rodrigues"]
[Black "Feliciano Ebert, Vanessa"]
[Result "1-0"]
[WhiteElo "2432"]
[BlackElo "2240"]
[PlyCount "51"]
[EventDate "2015.08.28"]
[EventType "swiss"]
[EventRounds "6"]
[EventCountry "BRA"]
[SourceTitle "EXT 2016"]
[Source "ChessBase"]
[SourceDate "2015.10.08"]
[SourceVersion "1"]
[SourceVersionDate "2015.10.08"]
[SourceQuality "1"]

1. Nf3 d5 2. d4 Nf6 3. c4 e6 4. e3 Be7 5. b3 0-0 6. Bd3 b6 7. 0-0 Bb7 8. Bb2 Nbd7 9. Nc3 c5 10. Qe2 Rc8 11. Rad1 Qc7 12. cxd5 exd5 13. dxc5 bxc5 14. Ba6 Rfd8 15. Rc1 Nf8 16. Na4 Bxa6 17. Qxa6 Ne6 18. Nd4 Ng4 19. g3 Ng5 20. Nf5 Bf8 21. Qe2 h5 22. f3 Nf6 23. Bxf6 gxf6 24. f4 Ne4 25. Qxh5 Qd7 26. g4 1-0

[Event "Sao Paulo op-A 2nd"]
[Site "Sao Paulo"]
[Date "2015.02.08"]
[Round "5"]
[White "Feliciano Ebert, Vanessa"]
[Black "Pacheco, Helcio Alexandre"]
[Result "0-1"]
[WhiteElo "2284"]
[BlackElo "2036"]
[PlyCount "94"]
[EventDate "2015.02.05"]
[EventType "swiss"]
[EventRounds "6"]
[EventCountry "BRA"]
[SourceTitle "CBM 164 Extra"]
[Source "ChessBase"]
[SourceDate "2015.03.02"]
[SourceVersion "1"]
[SourceVersionDate "2015.03.02"]
[SourceQuality "1"]

1. e4 c5 2. Nf3 Nc6 3. Bb5 g6 4. 0-0 Bg7 5. c3 Nf6 6. Re1 0-0 7. h3 Qc7 8. d4 d6 9. Na3 Rd8 10. Bf4 a6 11. Bxc6 Qxc6 12. d5 Qe8 13. Nc4 b5 14. Na5 e5 15. Bg5 h6 16. Bxf6 Bxf6 17. a4 bxa4 18. Nd2 Rd7 19. Ndc4 Bd8 20. Nc6 Qf8 21. Qxa4 f5 22. b4 cxb4 23. Qxb4 f4 24. f3 Bc7 25. Nd2 g5 26. c4 h5 27. Kf2 Rg7 28. Rh1 Qf6 29. c5 Qg6 30. Qc3 g4 31. hxg4 hxg4 32. Raf1 Bd7 33. Na5 dxc5 34. Ndc4 Re8 35. Nb7 Bb8 36. Qb3 Ba7 37. Qc3 Bb8 38. Qb2 Bb5 39. Qb3 Rxb7 40. Rh4 Rg7 41. fxg4 Qxe4 42. Rc1 Qd4+ 43. Kf1 Qxd5 44. Kg1 Rh7 45. Rxh7 Kxh7 46. Qh3+ Kg7 47. Qh5 Qd4+ 0-1

[Event "Sao Paulo op-A 2nd"]
[Site "Sao Paulo"]
[Date "2015.02.08"]
[Round "6"]
[White "Serpa, Rafael Araujo"]
[Black "Feliciano Ebert, Vanessa"]
[Result "1/2-1/2"]
[WhiteElo "2042"]
[BlackElo "2284"]
[PlyCount "47"]
[EventDate "2015.02.05"]
[EventType "swiss"]
[EventRounds "6"]
[EventCountry "BRA"]
[SourceTitle "CBM 164 Extra"]
[Source "ChessBase"]
[SourceDate "2015.03.02"]
[SourceVersion "1"]
[SourceVersionDate "2015.03.02"]
[SourceQuality "1"]

1. e4 c5 2. Nc3 Nc6 3. g3 g6 4. Bg2 Bg7 5. d3 d6 6. Nh3 Rb8 7. Be3 b5 8. Qd2 Nd4 9. Nf4 Bg4 10. 0-0 Nf3+ 11. Bxf3 Bxf3 12. Rab1 Qd7 13. Ng2 h5 14. Nh4 Bg4 15. f4 Bh3 16. f5 Bxf1 17. Rxf1 g5 18. Bxg5 Nf6 19. Qf4 b4 20. Nd1 Ng4 21. h3 Bd4+ 22. Kg2 Nf6 23. Nf3 Qc7 24. Qh4 1/2-1/2

[Event "Florianopolis Masters"]
[Site "Florianopolis"]
[Date "2015.01.22"]
[Round "5"]
[White "Molina, Roberto Junio Brito"]
[Black "Feliciano Ebert, Vanessa"]
[Result "0-1"]
[WhiteElo "2408"]
[BlackElo "2290"]
[PlyCount "166"]
[EventDate "2015.01.19"]
[EventType "tourn"]
[EventRounds "9"]
[EventCountry "BRA"]
[EventCategory "7"]
[SourceTitle "CBM 164 Extra"]
[Source "ChessBase"]
[SourceDate "2015.03.02"]
[SourceVersion "1"]
[SourceVersionDate "2015.03.02"]
[SourceQuality "1"]

1. d4 Nf6 2. Nf3 e6 3. g3 d5 4. Bg2 b5 5. 0-0 Nbd7 6. Bg5 Be7 7. a4 b4 8. a5 0-0 9. c4 bxc3 10. Nxc3 Ba6 11. Re1 h6 12. Bxf6 Nxf6 13. Ne5 Qd6 14. Na4 Nd7 15. e4 c6 16. Rc1 Nxe5 17. dxe5 Qb4 18. Qc2 d4 19. Nc5 Bb5 20. Bf1 Rfd8 21. Bxb5 Qxb5 22. Red1 Rab8 23. Nd3 c5 24. Qc4 Qxa5 25. Ra1 Qb6 26. Ra6 Qb7 27. f3 Rd7 28. Kf1 Rc7 29. Rc1 Qb3 30. Ke2 Qb7 31. Rca1 Qa8 32. R1a2 Rbb7 33. Kf2 Qd8 34. Kg2 Bf8 35. Ra1 Qd7 36. Rc1 Qb5 37. Kf2 Be7 38. Qxb5 Rxb5 39. Rc4 Kf8 40. b4 Ke8 41. Ra2 a5 42. bxc5 Kd8 43. Rac2 Kc8 44. Ke2 Kb7 45. f4 Kc6 46. g4 Rc8 47. Rxd4 Ra8 48. Ra4 Rb1 49. Rca2 Kb5 50. Rd4 Ra7 51. Rda4 Rh1 52. Ke3 Rb1 53. Kd2 Rg1 54. Rb4+ axb4 55. Rxa7 Bxc5 56. Rxf7 Rg2+ 57. Kd1 Be3 58. Rb7+ Kc4 59. Nxb4 Rd2+ 60. Ke1 Rb2 61. Rc7+ Kxb4 62. f5 Bf2+ 63. Kd1 Bc5 64. h4 Kc4 65. f6 gxf6 66. exf6 Rf2 67. g5 hxg5 68. hxg5 Kd3 69. Ke1 Bd4 70. Rd7 Re2+ 71. Kd1 Rd2+ 72. Ke1 Re2+ 73. Kd1 Rf2 74. Ke1 Re2+ 75. Kd1 e5 76. f7 Rf2 77. Ke1 Re2+ 78. Kd1 Rf2 79. Ke1 Re2+ 80. Kd1 Ra2 81. Rxd4+ exd4 82. Kc1 Kc3 83. Kb1 Rb2+ 0-1

[Event "Florianopolis Masters"]
[Site "Florianopolis"]
[Date "2015.01.20"]
[Round "2"]
[White "Feliciano Ebert, Vanessa"]
[Black "Rodriguez Vila, Andres"]
[Result "0-1"]
[WhiteElo "2290"]
[BlackElo "2444"]
[PlyCount "54"]
[EventDate "2015.01.19"]
[EventType "tourn"]
[EventRounds "9"]
[EventCountry "BRA"]
[EventCategory "7"]
[SourceTitle "CBM 164 Extra"]
[Source "ChessBase"]
[SourceDate "2015.03.02"]
[SourceVersion "1"]
[SourceVersionDate "2015.03.02"]
[SourceQuality "1"]

1. e4 e6 2. d4 d5 3. Nc3 Bb4 4. e5 Ne7 5. a3 Bxc3+ 6. bxc3 b6 7. Qg4 Ng6 8. h4 h5 9. Qd1 Qd7 10. Be2 Qc6 11. Rh3 Ba6 12. Bxh5 Nxh4 13. Rxh4 g6 14. Bd2 Nd7 15. Bxg6 Rxh4 16. Bxf7+ Kxf7 17. Qf3+ Ke8 18. 0-0-0 Qa4 19. Kb2 Nf8 20. Qf6 Rh7 21. Nh3 Qb5+ 22. Kc1 Qa4 23. Kb2 Bd3 24. Rc1 Bf5 25. g4 Qb5+ 26. Ka1 Bxc2 27. Rxc2 Rxh3 0-1

[Event "Itajai JASC (Women) 54th"]
[Site "Itajai"]
[Date "2014.11.19"]
[Round "4"]
[White "Rothebarth, Ana Vitoria de Paul"]
[Black "Feliciano Ebert, Vanessa"]
[Result "1/2-1/2"]
[WhiteElo "2060"]
[BlackElo "2290"]
[PlyCount "76"]
[EventDate "2014.11.16"]
[EventType "team-swiss"]
[EventRounds "7"]
[EventCountry "BRA"]
[SourceTitle "EXT 2019"]
[Source "ChessBase"]
[SourceDate "2018.10.10"]
[SourceVersion "1"]
[SourceVersionDate "2018.10.10"]
[SourceQuality "1"]
[WhiteTeam "Itajai (W)"]
[BlackTeam "Rio do Sul (W)"]
[WhiteTeamCountry "BRA"]
[BlackTeamCountry "BRA"]

1. e4 c5 2. Nc3 Nc6 3. f4 g6 4. Nf3 Bg7 5. Bb5 Nd4 6. 0-0 a6 7. Bd3 d6 8. Nxd4 cxd4 9. Ne2 Nf6 10. Kh1 e5 11. b3 0-0 12. fxe5 dxe5 13. a4 Bd7 14. Ba3 Re8 15. Ng3 h5 16. Qf3 b5 17. axb5 axb5 18. Bb4 Bg4 19. Qf2 Qd7 20. h3 Be6 21. Ne2 Qb7 22. Qh4 Nd7 23. Ng1 Qc6 24. Nf3 Nc5 25. Rxa8 Rxa8 26. Bxc5 Qxc5 27. Ng5 Qe7 28. Qg3 Rb8 29. Nxe6 Qxe6 30. Qf2 Bh6 31. Kh2 Kg7 32. g3 h4 33. g4 Bf4+ 34. Kg2 Qc6 35. Qxh4 Bxd2 36. Qe7 Qe6 37. Qxe6 fxe6 38. Ra1 Rb7 1/2-1/2

[Event "Itajai JASC (Women) 54th"]
[Site "Itajai"]
[Date "2014.11.18"]
[Round "3"]
[White "Feliciano Ebert, Vanessa"]
[Black "Ribeiro, Regina"]
[Result "1-0"]
[WhiteElo "2290"]
[BlackElo "1967"]
[PlyCount "112"]
[EventDate "2014.11.16"]
[EventType "team-swiss"]
[EventRounds "7"]
[EventCountry "BRA"]
[SourceTitle "EXT 2019"]
[Source "ChessBase"]
[SourceDate "2018.10.10"]
[SourceVersion "1"]
[SourceVersionDate "2018.10.10"]
[SourceQuality "1"]
[WhiteTeam "Rio do Sul (W)"]
[BlackTeam "Blumenau (W)"]
[WhiteTeamCountry "BRA"]
[BlackTeamCountry "BRA"]

1. e4 e6 2. d4 d5 3. Nc3 Nf6 4. e5 Nfd7 5. f4 c5 6. Nf3 Nc6 7. Be3 Be7 8. Qd2 a6 9. g3 b5 10. a3 0-0 11. Bg2 cxd4 12. Nxd4 Nxd4 13. Bxd4 Bb7 14. 0-0 Qc7 15. Rae1 Bc5 16. Ne2 f6 17. exf6 Rxf6 18. Kh1 Rh6 19. Qc3 Rg6 20. f5 exf5 21. Nf4 Qd6 22. Nxg6 hxg6 23. Bxg7 b4 24. axb4 Bxb4 25. Qd4 Bxe1 26. Rxe1 Rc8 27. Bh8 Qf8 28. b4 g5 29. Bxd5+ Bxd5+ 30. Qxd5+ Kxh8 31. Qxd7 Rd8 32. Qc7 Qf6 33. Qa5 Kg7 34. c4 f4 35. gxf4 gxf4 36. Qc7+ Kh6 37. c5 f3 38. Qb6 Qxb6 39. cxb6 Rd6 40. b7 Rb6 41. Re4 Rxb7 42. Kg1 Kg5 43. Kf2 Rh7 44. h4+ Kf5 45. Kxf3 Rc7 46. Rf4+ Ke5 47. h5 Rc8 48. Rh4 Kf5 49. h6 Rc3+ 50. Ke2 Rc8 51. h7 Rh8 52. Kd3 Ke5 53. Rh5+ Kd6 54. Kd4 Kc6 55. Ke5 Kb5 56. Rh4 Kc6 1-0